[Event "HUN-chT 2324"]
[Site "Hungary"]
[Date "2024.03.03"]
[Round "5.10"]
[White "Toth, Barnabas"]
[Black "Gaal, Zsoka"]
[Result "1-0"]
[WhiteElo "1894"]
[BlackElo "2305"]
[PlyCount "63"]
[EventDate "2023.10.28"]
[EventType "team-tourn"]
[EventRounds "9"]
[EventCountry "HUN"]
[SourceTitle "CB16_2024"]
[SourceDate "2024.04.17"]
[SourceVersion "1"]
[SourceVersionDate "2024.04.17"]
[SourceQuality "1"]
[WhiteTeam "Tapolca Varos"]
[BlackTeam "Ajka Sentimento"]
[WhiteTeamCountry "HUN"]
[BlackTeamCountry "HUN"]

1. d4 Nf6 2. c4 e6 3. g3 d5 4. Bg2 Be7 5. Nf3 0-0 6. 0-0 c6 7. Qc2 b6 8. Bf4 Nbd7 9. cxd5 cxd5 10. Rc1 Ba6 11. Nc3 b5 12. a4 b4 13. Nb5 Ne4 14. Qc6 Bxb5 15. axb5 g5 16. Bc7 Qc8 17. Bh3 Ndf6 18. Ne5 Nd2 19. Ra6 Nb3 20. Rd1 Ne8 21. Bb6 Nd6 22. Bxa7 Nc4 23. Qxc8 Rfxc8 24. Nxf7 Rxa7 25. Nh6+ Kf8 26. Rxa7 Nxb2 27. Bxe6 Rc2 28. Nf5 Ke8 29. Rxe7+ Kd8 30. Rd7+ Kc8 31. Ne7+ Kb8 32. Nc6+ 1-0

[Event "HUN-ch U12"]
[Site "Tapolca"]
[Date "2021.08.05"]
[Round "6"]
[White "Szakmary, Domonkos"]
[Black "Toth, Barnabas"]
[Result "1-0"]
[WhiteElo "1660"]
[BlackElo "2057"]
[PlyCount "95"]
[EventDate "2021.08.01"]
[EventType "swiss"]
[EventRounds "7"]
[EventCountry "HUN"]
[SourceTitle "EXT 2022"]
[Source "ChessBase"]
[SourceDate "2021.10.06"]
[SourceVersion "1"]
[SourceVersionDate "2021.10.06"]
[SourceQuality "1"]

1. e4 c6 2. d4 d5 3. exd5 cxd5 4. c4 Nf6 5. Nc3 g6 6. Nf3 Bg7 7. c5 0-0 8. Bf4 Nc6 9. Bb5 Bd7 10. 0-0 a6 11. Bxc6 Bxc6 12. Re1 Re8 13. Ne5 Bd7 14. Qb3 Nh5 15. Qxd5 Be6 16. Qe4 Bf5 17. Qe3 Nf6 18. Rad1 Qa5 19. a3 Ng4 20. Qf3 Nxe5 21. Bxe5 Bxe5 22. Rxe5 Rab8 23. Nd5 Qd8 24. Rde1 e6 25. g4 Qg5 26. Kh1 f6 27. R5e3 Red8 28. Ne7+ Kf7 29. gxf5 Kxe7 30. Rxe6+ Kf7 31. Re7+ Kg8 32. Qb3+ Kh8 33. Qh3 Qh5 34. Qxh5 gxh5 35. Rd1 Rd5 36. Rg1 Rxd4 37. Rgg7 Rg4 38. Rxh7+ Kg8 39. Rxb7 Rd8 40. Rhd7 Re8 41. h3 Rc4 42. b4 a5 43. bxa5 Rxc5 44. a6 h4 45. a7 Ra8 46. Rb8+ Rc8 47. Rxa8 Rxa8 48. Rb7 1-0

[Event "HUN-chT2 Erkel 1112"]
[Site "Hungary"]
[Date "2012.02.19"]
[Round "6.7"]
[White "Kiss, Pal Vac"]
[Black "Toth, Barnabas"]
[Result "1/2-1/2"]
[WhiteElo "2019"]
[BlackElo "2035"]
[PlyCount "22"]
[EventDate "2011.09.25"]
[EventType "team-tourn"]
[EventRounds "11"]
[EventCountry "HUN"]
[SourceTitle "EXT 2013"]
[Source "ChessBase"]
[SourceDate "2012.11.22"]
[SourceVersion "1"]
[SourceVersionDate "2012.11.22"]
[SourceQuality "1"]
[WhiteTeam "Vaci"]
[BlackTeam "Paszto"]
[WhiteTeamCountry "HUN"]
[BlackTeamCountry "HUN"]

1. e4 g6 2. d4 Bg7 3. Nc3 d6 4. f4 Nf6 5. Nf3 0-0 6. Bd3 c5 7. dxc5 dxc5 8. e5 Nd5 9. Nxd5 Qxd5 10. Qe2 Nc6 11. Be4 Qd7 1/2-1/2

[Event "HUN-chT2 Erkel 1011"]
[Site "Hungary"]
[Date "2011.03.27"]
[Round "7.7"]
[White "Toth, Barnabas"]
[Black "Manyoki, Anna"]
[Result "1-0"]
[WhiteElo "2024"]
[BlackElo "2029"]
[PlyCount "37"]
[EventDate "2010.09.12"]
[EventType "team-tourn"]
[EventRounds "11"]
[EventCountry "HUN"]
[SourceTitle "EXT 2012"]
[Source "ChessBase"]
[SourceDate "2011.11.24"]
[SourceVersion "1"]
[SourceVersionDate "2011.11.24"]
[SourceQuality "1"]
[WhiteTeam "Jaszbereny"]
[BlackTeam "Dunaharaszti II"]
[WhiteTeamCountry "HUN"]
[BlackTeamCountry "HUN"]

1. e4 e5 2. Nf3 Nc6 3. Bc4 Bc5 4. b4 Bxb4 5. c3 Ba5 6. d4 d6 7. Qb3 Qd7 8. 0-0 Bb6 9. Bb5 Kf8 10. dxe5 a6 11. Be2 dxe5 12. Ba3+ Nge7 13. Nbd2 Qe6 14. Nc4 Ba7 15. Rad1 b5 16. Ng5 Qf6 17. Nxe5 Ke8 18. Bxe7 Nxe7 19. Nexf7 1-0

[Event "HUN-chT2 Erkel 1011"]
[Site "Hungary"]
[Date "2010.10.10"]
[Round "3.8"]
[White "Vass, Lajos"]
[Black "Toth, Barnabas"]
[Result "1-0"]
[WhiteElo "2096"]
[BlackElo "2024"]
[PlyCount "131"]
[EventDate "2010.09.12"]
[EventType "team-tourn"]
[EventRounds "11"]
[EventCountry "HUN"]
[SourceTitle "EXT 2012"]
[Source "ChessBase"]
[SourceDate "2011.11.24"]
[SourceVersion "1"]
[SourceVersionDate "2011.11.24"]
[SourceQuality "1"]
[WhiteTeam "Barcza"]
[BlackTeam "Jaszbereny"]
[WhiteTeamCountry "HUN"]
[BlackTeamCountry "HUN"]

1. e4 g6 2. d4 Bg7 3. Nc3 d6 4. f4 Nf6 5. Nf3 0-0 6. e5 Nh5 7. Bc4 Bh6 8. Ne2 c5 9. h3 d5 10. g4 dxc4 11. gxh5 cxd4 12. Qxd4 Nc6 13. Qc5 Bf5 14. hxg6 hxg6 15. Nfd4 Nxd4 16. Qxd4 Bxc2 17. Be3 Bd3 18. Qc3 b5 19. Rg1 a5 20. Qd2 Bxe2 21. Qxe2 Qd3 22. Qxd3 cxd3 23. Kd2 Rfd8 24. Rac1 e6 25. Rc3 Bf8 26. Rxd3 Rxd3+ 27. Kxd3 Rd8+ 28. Ke2 Rd5 29. Rg3 Kh7 30. Bb6 Bh6 31. Be3 Bf8 32. Bd2 Bh6 33. Rd3 Rc5 34. Rc3 Rd5 35. Be3 Bf8 36. Rd3 Rxd3 37. Kxd3 Kh6 38. Bd2 Kh5 39. Bxa5 Kh4 40. Bd2 Kxh3 41. a3 Kg4 42. Ke4 Kg3 43. Bc1 Kg4 44. b3 Bc5 45. a4 bxa4 46. bxa4 Bb4 47. Be3 Ba5 48. Bc5 Bd8 49. Bd4 g5 50. fxg5 Kxg5 51. Bc3 Kg6 52. Kf4 Bc7 53. Kg4 Bd8 54. Kf4 Bc7 55. Ke4 Kg7 56. Kd3 Kf8 57. Kc4 Ke8 58. Kb5 Kd7 59. Ka6 Kc8 60. Ka7 Bb8+ 61. Ka8 Bc7 62. a5 Bb8 63. a6 Bc7 64. Ka7 Bb8+ 65. Kb6 Bc7+ 66. Kc6 1-0

[Event "Eger Osz op"]
[Site "Eger"]
[Date "2009.10.24"]
[Round "5"]
[White "Szego, Krisztian"]
[Black "Toth, Barnabas"]
[Result "0-1"]
[WhiteElo "1844"]
[BlackElo "2009"]
[PlyCount "68"]
[EventDate "2009.10.22"]
[EventType "swiss"]
[EventRounds "7"]
[EventCountry "HUN"]
[SourceTitle "EXT 2011"]
[Source "ChessBase"]
[SourceDate "2010.11.26"]
[SourceVersion "1"]
[SourceVersionDate "2010.11.26"]
[SourceQuality "1"]

1. d4 Nf6 2. Nf3 g6 3. c3 Bg7 4. Bf4 d6 5. Nbd2 0-0 6. e4 Nc6 7. d5 e5 8. Bg5 Ne7 9. h3 h6 10. Be3 Nh7 11. g4 f5 12. gxf5 gxf5 13. exf5 Nxf5 14. Qc2 c6 15. Bc4 b5 16. Bb3 c5 17. c4 bxc4 18. Nxc4 Nxe3 19. Nxe3 Rxf3 20. Qg6 Qf6 21. Qe8+ Qf8 22. Qg6 Qf7 23. Qxd6 Qf8 24. Qc6 Rb8 25. d6+ Kh8 26. d7 Bb7 27. Qc7 Qd8 28. Nd5 Qxc7 29. Nxc7 Rxb3 30. axb3 Bxh1 31. 0-0-0 Bf6 32. Ne6 Be4 33. d8Q+ Rxd8 34. Nxd8 Bg5+ 0-1

[Event "HUN-chT2 Erkel 0809"]
[Site "Hungary"]
[Date "2008.12.21"]
[Round "4.10"]
[White "Kalo, Istvan"]
[Black "Toth, Barnabas"]
[Result "0-1"]
[WhiteElo "2028"]
[BlackElo "1993"]
[PlyCount "38"]
[EventDate "2008.10.26"]
[EventType "team-tourn"]
[EventRounds "11"]
[EventCountry "HUN"]
[SourceTitle "EXT 2010"]
[Source "ChessBase"]
[SourceDate "2010.11.25"]
[SourceVersion "1"]
[SourceVersionDate "2010.11.25"]
[SourceQuality "1"]
[WhiteTeam "Ujszasz"]
[BlackTeam "Jaszbereny"]
[WhiteTeamCountry "HUN"]
[BlackTeamCountry "HUN"]

1. e4 g6 2. Nf3 Bg7 3. Bc4 d6 4. h3 Nf6 5. Nc3 0-0 6. 0-0 Nxe4 7. Nxe4 d5 8. Bxd5 Qxd5 9. Nc3 Qh5 10. Qe2 Nc6 11. Re1 g5 12. d3 g4 13. Nh2 Nd4 14. Qd1 Be5 15. Be3 Bxh2+ 16. Kxh2 Nf3+ 17. Kh1 Nxe1 18. Qxe1 gxh3 19. Qg1 hxg2+ 0-1

[Event "HUN-chT2 Erkel 0809"]
[Site "Hungary"]
[Date "2008.10.26"]
[Round "1.9"]
[White "Bokros, Istvan"]
[Black "Toth, Barnabas"]
[Result "0-1"]
[WhiteElo "2085"]
[BlackElo "1993"]
[PlyCount "64"]
[EventDate "2008.10.26"]
[EventType "team-tourn"]
[EventRounds "11"]
[EventCountry "HUN"]
[SourceTitle "EXT 2010"]
[Source "ChessBase"]
[SourceDate "2010.11.25"]
[SourceVersion "1"]
[SourceVersionDate "2010.11.25"]
[SourceQuality "1"]
[WhiteTeam "PSE II"]
[BlackTeam "Jaszbereny"]
[WhiteTeamCountry "HUN"]
[BlackTeamCountry "HUN"]

1. e4 g6 2. d4 Bg7 3. Nc3 d6 4. f4 Nf6 5. Nf3 0-0 6. Be3 Ng4 7. Bg1 c5 8. h3 cxd4 9. Nxd4 Nf6 10. Qf3 Nc6 11. 0-0-0 Nxd4 12. Bxd4 Qa5 13. Kb1 e5 14. Be3 exf4 15. Bxf4 Be6 16. Bxd6 Rfc8 17. b4 Qa3 18. Nd5 Nxd5 19. Qxa3 Nc3+ 20. Qxc3 Rxc3 21. Rd3 Rc4 22. Be2 Rac8 23. Rd2 Rc3 24. Be7 h5 25. Rd8+ Rxd8 26. Bxd8 Bxa2+ 27. Kc1 Bc4 28. Bd1 Ra3 29. c3 Rxc3+ 30. Kb1 Bd3+ 31. Ka2 Rc1 32. Bg5 Bc4+ 0-1